[Event "23rd Int. Tournament "]
[Site "?"]
[Date "2015.09.02"]
[Round "7.17"]
[White "Alexakis, Georgios"]
[Black "Haralabidis, Tengkiz"]
[Result "1/2-1/2"]
[WhiteElo "1907"]
[BlackElo "1991"]
[PlyCount "115"]
[EventDate "2015.08.27"]

1. e4 c5 2. Nf3 Nc6 3. d4 cxd4 4. Nxd4 d5 5. Bb5 dxe4 6. Nxc6 Qxd1+ 7. Kxd1 a6
8. Ba4 Bd7 9. Nc3 Bxc6 10. Bxc6+ bxc6 11. Nxe4 e5 12. g4 h5 13. g5 f5 14. gxf6
gxf6 15. f4 O-O-O+ 16. Ke2 Rd4 17. Nf2 Nh6 18. fxe5 fxe5 19. b3 Ng4 20. Bb2 Rd7
21. Ne4 Bh6 22. Rad1 Bf4 23. h3 Rxd1 24. Rxd1 Ne3 25. Rd6 Kc7 26. Re6 Nxc2 27.
Bxe5+ Bxe5 28. Rxe5 Nb4 29. a4 Nd5 30. Rf5 a5 31. Nf6 Nxf6 32. Rxf6 Rb8 33.
Rf7+ Kd6 34. Rf6+ Kd7 35. Rf7+ Ke6 36. Rh7 Rxb3 37. Rxh5 Kd6 38. Rxa5 Rxh3 39.
Ra8 Kc5 40. Kd2 Ra3 41. Kc2 Kb4 42. Rb8+ Kc4 43. Rh8 Ra2+ 44. Kb1 Rxa4 45. Rh4+
Kb5 46. Rh5+ c5 47. Kb2 Rg4 48. Rh3 Kb4 49. Kc2 Rg2+ 50. Kc1 c4 51. Rf3 Rg1+
52. Kc2 Ra1 53. Rg3 Ra2+ 54. Kc1 Rh2 55. Rf3 Rh4 56. Kc2 c3 57. Rf8 Rh2+ 58.
Kc1 1/2-1/2

[Event "23rd Int. Tournament "]
[Site "?"]
[Date "2015.09.02"]
[Round "7.18"]
[White "Karakatsanis, Nikolaos"]
[Black "Poulos, Georgios"]
[Result "1-0"]
[WhiteElo "1919"]
[BlackElo "2052"]
[PlyCount "57"]
[EventDate "2015.08.27"]

1. e4 c5 2. c4 d6 3. Nc3 Nc6 4. g3 g6 5. Bg2 Bg7 6. d3 f5 7. Nge2 Nf6 8. O-O
O-O 9. h3 fxe4 10. dxe4 Be6 11. b3 Qd7 12. Kh2 Bf7 13. Be3 Rad8 14. Qd2 Ne8 15.
f4 Bxc3 16. Qxc3 Nc7 17. Rad1 b6 18. f5 e5 19. Bg5 Rb8 20. h4 gxf5 21. exf5 Bh5
22. g4 Bxg4 23. Qg3 h5 24. Bxc6 Qxc6 25. Be7 Qe4 26. Nc3 Qb7 27. Rxd6 Rf7 28.
Rg6+ Kh8 29. Qe3 1-0

[Event "23rd Int. Tournament "]
[Site "?"]
[Date "2015.09.02"]
[Round "7.19"]
[White "Kondopoulos, Dimitrios"]
[Black "Sakaridis, Emmanouil"]
[Result "0-1"]
[WhiteElo "1989"]
[BlackElo "1939"]
[PlyCount "90"]
[EventDate "2015.08.27"]

1. b3 d5 2. Bb2 Nf6 3. f4 c5 4. e3 Nc6 5. Nf3 g6 6. Be2 Bg7 7. O-O O-O 8. Qe1
a6 9. a4 Qb6 10. Qc1 Rd8 11. Nc3 Qc7 12. Nd1 d4 13. Nf2 b6 14. Nd3 Ne4 15. Nf2
Nf6 16. Bd3 Bb7 17. f5 Ne5 18. Nxe5 Qxe5 19. fxg6 hxg6 20. Re1 Qg5 21. Bf1 Nd5
22. Nh3 Qg4 23. Be2 Qh4 24. exd4 cxd4 25. Bc4 e6 26. Re2 Rac8 27. Qe1 Qh5 28.
Rb1 b5 29. axb5 axb5 30. Bxb5 Rxc2 31. Bd3 Rcc8 32. Be4 Ba6 33. Rf2 Nb4 34. Nf4
Qa5 35. Bxg6 e5 36. Bxf7+ Kxf7 37. Nh5+ Kg8 38. Nxg7 Kxg7 39. Rf5 Rc6 40. Qh4
Qc7 41. Rg5+ Rg6 42. Rc1 Qb6 43. Rxe5 Qf6 44. Rc7+ Kg8 45. Qe4 Qf1# 0-1

[Event "23rd Int. Tournament "]
[Site "?"]
[Date "2015.09.02"]
[Round "7.20"]
[White "Zervos, Lazaros"]
[Black "Santorinaios, Hristodoulos"]
[Result "1-0"]
[WhiteElo "1986"]
[BlackElo "1919"]
[PlyCount "117"]
[EventDate "2015.08.27"]

1. d4 Nf6 2. c4 g6 3. g3 Bg7 4. Bg2 O-O 5. Nc3 d6 6. e4 Nbd7 7. Nge2 e5 8. d5
a5 9. h3 Nc5 10. Bg5 Qe8 11. Qd2 Nfd7 12. g4 Nb6 13. b3 Nbd7 14. Ng3 Na6 15.
Bf1 Ndc5 16. Be2 f6 17. Be3 Rf7 18. h4 Kf8 19. Rb1 Bd7 20. h5 Ke7 21. f3 b6 22.
Rg1 Kd8 23. Nd1 f5 24. gxf5 gxf5 25. Bg5+ Kc8 26. h6 Bh8 27. Nc3 Rf8 28. exf5
e4 29. Ncxe4 Bxf5 30. Nxf5 Rxf5 31. Rg4 Kb7 32. Ng3 Rxf3 33. Kd1 Rf2 34. Qe3
Qf7 35. Rf4 Rxf4 36. Qxf4 Qg6 37. Qf5 Qxf5 38. Nxf5 Ne4 39. Bd2 Nxd2 40. Kxd2
Be5 41. Rf1 Rg8 42. Ne3 Nc5 43. Rf7 Ne4+ 44. Kd3 Nc5+ 45. Kc2 Rg3 46. Bf3 Bd4
47. Nf5 Rxf3 48. Nxd6+ Kb8 49. Rxf3 cxd6 50. Rf7 Be5 51. Rxh7 Ne4 52. Re7 Ng5
53. h7 Nxh7 54. Rxh7 Kc8 55. Kd3 Bg3 56. Ke4 Bf2 57. Kf5 Bd4 58. Ke6 Be5 59.
Rd7 1-0

[Event "23rd Int. Tournament "]
[Site "?"]
[Date "2015.09.02"]
[Round "7.1"]
[White "Stamatis, Ioannis"]
[Black "Dermatas, Marios"]
[Result "0-1"]
[WhiteElo "1497"]
[BlackElo "1301"]
[PlyCount "68"]
[EventDate "2015.08.27"]

1. e4 c5 2. Nf3 Nc6 3. Bb5 Nd4 4. Nxd4 cxd4 5. c3 Qb6 6. Ba4 g6 7. d3 Bg7 8.
Qc2 Nf6 9. Nd2 dxc3 10. bxc3 O-O 11. O-O d6 12. Nc4 Qc7 13. Bb3 b5 14. Ne3 a5
15. Bd5 Bb7 16. Bxb7 Qxb7 17. Bb2 Rfc8 18. Qd2 Bh6 19. Qe2 Nh5 20. Nf5 Bf8 21.
g3 e6 22. Ne3 b4 23. cxb4 axb4 24. f4 d5 25. Ng4 dxe4 26. dxe4 Bc5+ 27. Kg2 f5
28. Nh6+ Kf8 29. Rfe1 b3 30. axb3 Bb4 31. Red1 Qxe4+ 32. Qxe4 fxe4 33. Rxa8
Rxa8 34. Rd7 Ra2 0-1

[Event "23rd Int. Tournament "]
[Site "?"]
[Date "2015.09.02"]
[Round "7.2"]
[White "Bastianou, Chrysoula"]
[Black "Bouza, Mirto - Eleni"]
[Result "1/2-1/2"]
[WhiteElo "1430"]
[BlackElo "1291"]
[PlyCount "110"]
[EventDate "2015.08.27"]

1. d4 Nf6 2. c4 e6 3. Nc3 Bb4 4. e3 O-O 5. Bd3 d5 6. Nge2 c5 7. O-O Nc6 8. cxd5
Nxd5 9. Nxd5 Qxd5 10. a3 Ba5 11. dxc5 Bc7 12. Qc2 g6 13. Be4 Qd7 14. Rd1 Qe8
15. b4 a6 16. Bb2 Bd7 17. Rd2 Qe7 18. Rad1 Rfd8 19. Nd4 Rab8 20. Nxc6 bxc6 21.
Qc3 e5 22. h3 Rb7 23. Bd3 Ra7 24. Bc4 Kf8 25. f4 f6 26. fxe5 Bxe5 27. Qd3 Bxb2
28. Rxb2 a5 29. Qd6 Re8 30. Rbd2 axb4 31. axb4 Rb7 32. Qxe7+ Rxe7 33. Kf2 Rxb4
34. Rxd7 Rxc4 35. R7d6 Rxc5 36. Rxf6+ Rf7 37. Rxf7+ Kxf7 38. Kf3 Rd5 39. Rc1 c5
40. e4 Re5 41. Kf4 Ke6 42. h4 h6 43. g4 g5+ 44. hxg5 hxg5+ 45. Kf3 Kd6 46. Ke3
Kc6 47. Rf1 Kd6 48. Rf5 Ke6 49. Kd3 Kd6 50. Rf6+ Re6 51. Rf5 Re5 52. Rf1 Ke6
53. Ra1 Kd6 54. Ra6+ Kd7 55. Ke3 Ke7 1/2-1/2

[Event "23rd Int. Tournament "]
[Site "?"]
[Date "2015.09.02"]
[Round "7.4"]
[White "Pogiatzis, Grigorios"]
[Black "Vesdekis, Stefanos"]
[Result "1/2-1/2"]
[WhiteElo "1471"]
[BlackElo "1160"]
[PlyCount "96"]
[EventDate "2015.08.27"]

1. e4 d5 2. exd5 Nf6 3. d4 e6 4. dxe6 Bxe6 5. Nf3 Bd6 6. Be3 Qe7 7. Nbd2 h6 8.
h3 Nbd7 9. Bc4 Bd5 10. Qe2 O-O 11. O-O-O c6 12. g4 Bxc4 13. Qxc4 Nd5 14. Rde1
Qd8 15. Qb3 Nxe3 16. Rxe3 b5 17. Ne5 Bxe5 18. dxe5 Nc5 19. Qc3 Qb6 20. Nb3
Nxb3+ 21. Qxb3 c5 22. Rd1 Rad8 23. Rxd8 Rxd8 24. Rd3 Rc8 25. Rd6 Rc6 26. Rd7
Re6 27. Qd3 Re8 28. f4 Qc6 29. Qd5 Qxd5 30. Rxd5 Rc8 31. Rd7 a5 32. Rb7 b4 33.
Ra7 c4 34. Rxa5 b3 35. a3 f6 36. e6 g6 37. Ra7 Re8 38. e7 Kf7 39. cxb3 cxb3 40.
Kd2 Rb8 41. Rd7 Rc8 42. Rd8 Rc2+ 43. Kd3 Kxe7 44. Rb8 Rxb2 45. Kc3 Rb1 46. Rxb3
Rf1 47. Rb7+ Kf8 48. Rb8+ Ke7 1/2-1/2

[Event "23rd Int. Tournament "]
[Site "?"]
[Date "2015.09.02"]
[Round "7.5"]
[White "Sifonios, Panagiotis"]
[Black "Katsiampas, Efthymios"]
[Result "0-1"]
[WhiteElo "1335"]
[BlackElo "1586"]
[PlyCount "96"]
[EventDate "2015.08.27"]

1. e4 c5 2. Nf3 d6 3. d4 cxd4 4. Qxd4 Nc6 5. Bb5 Bd7 6. Bxc6 Bxc6 7. c4 f5 8.
Nc3 Nf6 9. Nd2 e5 10. Qd3 f4 11. Nb3 Be7 12. Bd2 O-O 13. Rc1 Qe8 14. Nd5 Bxd5
15. cxd5 Qg6 16. Qf3 Rac8 17. O-O Nxe4 18. Bb4 Ng5 19. Qg4 Rxc1 20. Rxc1 h5 21.
Qd7 f3 22. g3 Bf6 23. Bxd6 Rd8 24. Qc7 Qf5 25. Qc4 Qh3 26. Qf1 Qxf1+ 27. Kxf1
Rxd6 28. h4 Nf7 29. Nd2 Rxd5 30. Nxf3 e4 31. Ne1 Bxb2 32. Rb1 Bc3 33. Ke2 Bxe1
34. Kxe1 Rd7 35. Rb4 Nd6 36. Rd4 Kf7 37. Rd5 g6 38. Ke2 Ke6 39. Rg5 Rg7 40. Ke3
a6 41. a4 b6 42. Kd4 Nf5+ 43. Kxe4 Kf6 44. Kd5 Rc7 45. f4 Rc5+ 46. Ke4 Nd6+ 47.
Kd4 Rxg5 48. fxg5+ Ke6 0-1

[Event "23rd Int. Tournament "]
[Site "?"]
[Date "2015.09.03"]
[Round "8.1"]
[White "Karagiannis, Athanasios"]
[Black "Kouskoutis, Georgios-Alexandro"]
[Result "1/2-1/2"]
[WhiteElo "2232"]
[BlackElo "2128"]
[PlyCount "137"]
[EventDate "2015.08.27"]
[TimeControl "120+29"]
[WhiteClock "0:00:02"]
[BlackClock "0:00:01"]

1. d4 Nf6 2. c4 e6 3. Nf3 c5 4. e3 a6 5. Nc3 d5 6. cxd5 exd5 7. dxc5 Bxc5 8.
Be2 O-O 9. O-O Nc6 10. a3 d4 11. exd4 Nxd4 12. Bg5 h6 13. Bxf6 Nxe2+ 14. Qxe2
Qxf6 15. Qc4 Qc6 16. Qh4 Re8 17. Rac1 Bf8 18. Rfd1 Qg6 19. Nd5 Bg4 20. Qg3 Rad8
21. Ne3 Bh5 22. Rxd8 Rxd8 23. Qh4 Re8 24. g4 Rxe3 25. fxe3 Qe4 26. Nd2 Qxe3+
27. Qf2 Qxf2+ 28. Kxf2 Bxg4 29. Rc7 b6 30. Ra7 a5 31. Ra8 Be6 32. Nf3 f6 33.
Nd4 Bd5 34. Rd8 Ba2 35. Nf5 Kf7 36. Nd6+ Bxd6 37. Rxd6 b5 38. b4 axb4 39. axb4
g5 40. Ke3 h5 41. Rb6 Bc4 42. Rc6 h4 43. Ke4 Bf1 44. Rc7+ Kg6 45. Rc1 Bg2+ 46.
Ke3 f5 47. Rc5 Bf1 48. Rc6+ Kh5 49. Rc1 Bc4 50. Rd1 Bb3 51. Rg1 Bd5 52. Kd4 Be4
53. Ke5 h3 54. Rc1 Kg4 55. Rf1 Bf3 56. Rg1+ Bg2 57. Rc1 f4 58. Ra1 f3 59. Ra2
Kh4 60. Kf5 Bf1 61. Rd2 Be2 62. Rd4+ Kh5 63. Rd8 Kh6 64. Kf6 Kh7 65. Rd7+ Kg8
66. Rd8+ Kh7 67. Rd7+ Kg8 68. Rd8+ Kh7 69. Rd7+ 1/2-1/2

[Event "23rd Int. Tournament "]
[Site "?"]
[Date "2015.09.03"]
[Round "8.2"]
[White "Kapnisis, Spyridon"]
[Black "Zygouris, Hristos"]
[Result "1-0"]
[WhiteElo "2455"]
[BlackElo "2210"]
[PlyCount "47"]
[EventDate "2015.08.27"]
[TimeControl "120+19"]
[WhiteClock "0:00:21"]
[BlackClock "0:00:01"]

1. e4 e5 2. Nf3 Nf6 3. Nc3 Nc6 4. Be2 d5 5. exd5 Nxd5 6. O-O Nxc3 7. bxc3 Bd6
8. d3 O-O 9. Ng5 Be7 10. Ne4 f5 11. Ng3 Be6 12. f4 exf4 13. Bxf4 g5 14. Bd2 Ne5
15. d4 Ng6 16. Bd3 Nh4 17. Qe2 Qd5 18. Rae1 Rf7 19. Rf2 f4 20. Nh5 f3 21. Qxe6
Qxe6 22. Rxe6 fxg2 23. Rxf7 Kxf7 24. Rxe7+ 1-0

[Event "23rd Int. Tournament "]
[Site "?"]
[Date "2015.09.03"]
[Round "8.3"]
[White "Drakoulakos, Grigorios"]
[Black "Grigoriadis, Alexandros"]
[Result "1/2-1/2"]
[WhiteElo "2233"]
[BlackElo "2153"]
[PlyCount "116"]
[EventDate "2015.08.27"]
[TimeControl "120+20"]
[WhiteClock "0:00:02"]
[BlackClock "0:00:06"]

1. e4 c5 2. Nf3 d6 3. Bb5+ Bd7 4. Bxd7+ Qxd7 5. O-O Nc6 6. c3 Nf6 7. Qe2 e6 8.
d4 cxd4 9. cxd4 Be7 10. Nc3 O-O 11. h3 d5 12. e5 Ne8 13. Be3 f5 14. exf6 Bxf6
15. Rad1 Nd6 16. Bg5 Nf5 17. Bxf6 gxf6 18. Rfe1 Rae8 19. Qd2 Nce7 20. Ne2 Ng6
21. Nf4 Nxf4 22. Qxf4 Qd6 23. Qd2 Qa6 24. b3 Nd6 25. Rc1 Ne4 26. Qe2 Qxe2 27.
Rxe2 Rc8 28. Rec2 Rxc2 29. Rxc2 Nd6 30. Kf1 Rc8 31. Rxc8+ Nxc8 32. Ke2 Kf7 33.
Ke3 Nd6 34. g4 Ne4 35. Ne1 Ke7 36. Nd3 b6 37. h4 h6 38. f3 Nd6 39. Nb4 a5 40.
Nd3 Nf7 41. Nb2 Kd6 42. Na4 Kc6 43. Nc3 b5 44. f4 Nd6 45. Ne2 Ne4 46. Ng1 Kd6
47. Nf3 Ke7 48. g5 Kf7 49. gxh6 Nd6 50. h5 Nf5+ 51. Kd3 Kg8 52. Nd2 b4 53. Nf1
Kh7 54. Ne3 Nxe3 55. Kxe3 Kxh6 56. f5 e5 57. dxe5 fxe5 58. f6 Kh7 1/2-1/2

[Event "23rd Int. Tournament "]
[Site "?"]
[Date "2015.09.03"]
[Round "8.4"]
[White "Nikolaou, Georgios"]
[Black "Kostouros, Alexandros"]
[Result "1-0"]
[WhiteElo "2317"]
[BlackElo "2082"]
[PlyCount "113"]
[EventDate "2015.08.27"]
[TimeControl "120+16"]
[WhiteClock "0:00:26"]
[BlackClock "0:00:44"]

1. Nf3 d5 2. g3 c5 3. Bg2 Nc6 4. d4 Bf5 5. O-O Nf6 6. c4 dxc4 7. Qa4 cxd4 8.
Nxd4 Qxd4 9. Bxc6+ Bd7 10. Rd1 Bxc6 11. Qxc6+ bxc6 12. Rxd4 e5 13. Rxc4 Kd7 14.
Nd2 Nd5 15. e4 Nb6 16. Rc2 f6 17. Nb3 Rc8 18. Be3 Bd6 19. Rd1 Ke6 20. Rdc1 Kd7
21. Na5 Rc7 22. Rxc6 Rhc8 23. Rxc7+ Rxc7 24. Rxc7+ Bxc7 25. Kf1 a6 26. Bxb6
Bxb6 27. Nb3 g6 28. Ke2 f5 29. f3 h5 30. Nc1 fxe4 31. fxe4 g5 32. h3 g4 33.
hxg4 hxg4 34. Nd3 Kd6 35. b4 Bd4 36. a4 Bg1 37. Nf2 Bh2 38. Nxg4 Bxg3 39. Ne3
Ke6 40. Nc4 Bh4 41. Kd2 Bf2 42. Na5 Bb6 43. Nb3 Kd6 44. Kd3 Kc6 45. Kc4 Be3 46.
Na5+ Kd6 47. Kd3 Bd4 48. Nb3 Bb6 49. Kc4 Be3 50. Nc5 Bxc5 51. bxc5+ Ke6 52. a5
Kd7 53. Kd5 Kc7 54. Kxe5 Kc6 55. Kd4 Kb5 56. e5 Kxa5 57. e6 1-0

[Event "23rd Int. Tournament "]
[Site "?"]
[Date "2015.09.03"]
[Round "8.5"]
[White "Gkikas, Hristos"]
[Black "Kotrotsos, Vasilios"]
[Result "1-0"]
[WhiteElo "1983"]
[BlackElo "2273"]
[PlyCount "87"]
[EventDate "2015.08.27"]
[TimeControl "120+12"]
[WhiteClock "0:00:17"]
[BlackClock "0:00:27"]

1. Nf3 f5 2. g3 Nf6 3. Bg2 g6 4. O-O Bg7 5. c4 d6 6. Nc3 O-O 7. d3 e5 8. Rb1 h6
9. e3 g5 10. Nd2 Nc6 11. Qb3 Kh8 12. c5 f4 13. cxd6 cxd6 14. Nde4 Nxe4 15. Bxe4
Bh3 16. Re1 Qd7 17. Qd1 Bg4 18. f3 Be6 19. Bxc6 bxc6 20. g4 fxe3 21. Bxe3 Rf7
22. Rf1 Raf8 23. h3 Bf6 24. Ne4 Bd5 25. Qe2 Bd8 26. Rf2 Bb6 27. b3 Bxe4 28.
dxe4 Bd4 29. Rbf1 Qe6 30. Rh2 d5 31. Bxd4 exd4 32. Qd3 Qe5 33. Re2 c5 34. Kg2
Rf4 35. exd5 Qxd5 36. Qg6 R4f6 37. Qe4 Qd6 38. Qe5 Qa6 39. Ref2 Qc6 40. Rc1 Rc8
41. Rxc5 Qxc5 42. Qxf6+ Kh7 43. Re2 Rc7 44. Re6 1-0

[Event "23rd Int. Tournament "]
[Site "?"]
[Date "2015.09.03"]
[Round "8.6"]
[White "Tsiros, Fragkiskos Vlasios"]
[Black "Nikolaou, Spiridon"]
[Result "0-1"]
[WhiteElo "2216"]
[BlackElo "2096"]
[PlyCount "126"]
[EventDate "2015.08.27"]
[TimeControl "120+21"]
[WhiteClock "0:00:05"]
[BlackClock "0:00:02"]

1. e4 c5 2. Nf3 e6 3. d4 cxd4 4. Nxd4 Nc6 5. Nc3 Qc7 6. Be2 a6 7. O-O b5 8.
Nxc6 Qxc6 9. e5 Bb7 10. Bf3 Qc7 11. Bxb7 Qxb7 12. Qd3 f5 13. exf6 Nxf6 14. Bg5
Be7 15. Bxf6 Bxf6 16. Ne4 Qc6 17. Nd6+ Ke7 18. Rad1 Be5 19. Ne4 Raf8 20. Qa3+
d6 21. f3 Rf5 22. Qe3 d5 23. Ng3 Bxg3 24. hxg3 Rc8 25. g4 Rf6 26. c3 Qc5 27.
Rd4 Rcf8 28. g5 Rf5 29. Re1 Qb6 30. Rd3 Rb8 31. Qxb6 Rxb6 32. f4 Rxf4 33. Rxd5
Rd6 34. Rde5 Kf7 35. b3 Rc6 36. R1e3 Rf5 37. Rxf5+ exf5 38. Kf2 Kg6 39. Ke2
Kxg5 40. Rg3+ Kf6 41. Kd3 Rd6+ 42. Kc2 g5 43. c4 g4 44. c5 Rc6 45. b4 h5 46.
Rd3 f4 47. Rd8 h4 48. Rh8 Kg5 49. Rg8+ Kf5 50. Rh8 h3 51. gxh3 g3 52. Rg8 Ke4
53. Kd2 Kf3 54. Kd3 Re6 55. Kd4 Re4+ 56. Kd5 Rc4 57. h4 Rc1 58. c6 g2 59. h5
g1=Q 60. Rxg1 Rxg1 61. h6 Rg8 62. c7 Kg4 63. Kc6 Kg5 0-1

[Event "23rd Int. Tournament "]
[Site "?"]
[Date "2015.09.03"]
[Round "8.8"]
[White "Alexakis, Dimitrios"]
[Black "Pandelidis, Ioannis"]
[Result "1/2-1/2"]
[WhiteElo "2197"]
[BlackElo "2114"]
[PlyCount "30"]
[EventDate "2015.08.27"]
[TimeControl "120+15"]
[WhiteClock "0:01:07"]
[BlackClock "0:01:32"]

1. e4 e5 2. Nf3 Nc6 3. d4 exd4 4. Nxd4 Nf6 5. Nc3 Bb4 6. Nxc6 bxc6 7. Bd3 d5 8.
exd5 Qe7+ 9. Qe2 Nxd5 10. Qxe7+ Bxe7 11. Nxd5 cxd5 12. Bf4 c6 13. O-O a5 14.
Rfe1 Be6 15. a4 Bf6 1/2-1/2

[Event "23rd Int. Tournament "]
[Site "?"]
[Date "2015.09.03"]
[Round "8.9"]
[White "Koutsogiannis, Efthymios"]
[Black "Gazis, Efstathios"]
[Result "0-1"]
[WhiteElo "1960"]
[BlackElo "2146"]
[PlyCount "78"]
[EventDate "2015.08.27"]
[TimeControl "120+44"]
[BlackClock "0:00:55"]

1. e4 e6 2. d4 d5 3. Nc3 Bb4 4. Nge2 Nc6 5. a3 Ba5 6. e5 f6 7. b4 Bb6 8. f4
fxe5 9. dxe5 a5 10. b5 Nce7 11. Nd4 Nh6 12. Be3 O-O 13. g3 c5 14. bxc6 bxc6 15.
Na4 c5 16. Nxb6 Qxb6 17. Rb1 Qd8 18. Nb5 d4 19. Bg2 Nd5 20. Bd2 Nf5 21. Qc1 Rb8
22. O-O Nde3 23. Bxe3 Nxe3 24. Nd6 Bd7 25. Re1 Nxg2 26. Kxg2 Qc7 27. Qd2 Bc6+
28. Kg1 Ba8 29. Rxb8 Rxb8 30. h4 Qc6 31. Kh2 Rb2 32. Ne4 Qa4 33. Nxc5 Qc6 34.
Re4 Qxc5 35. Rxd4 Rxc2 36. Rd8+ Kf7 37. Rd7+ Kg6 38. f5+ exf5 39. Rd6+ Kh5 0-1

[Event "23rd Int. Tournament "]
[Site "?"]
[Date "2015.09.03"]
[Round "8.10"]
[White "Poulopoulos, Ioannis"]
[Black "Roinos, Ilias"]
[Result "1-0"]
[WhiteElo "2133"]
[BlackElo "2055"]
[PlyCount "65"]
[EventDate "2015.08.27"]
[TimeControl "120+19"]
[WhiteClock "0:00:27"]
[BlackClock "0:00:14"]

1. d4 g6 2. c4 Bg7 3. e4 d6 4. Nc3 Nd7 5. Be3 e5 6. Nge2 Ne7 7. Qd2 O-O 8.
O-O-O exd4 9. Nxd4 Nc6 10. Nxc6 bxc6 11. Bh6 Qf6 12. Bxg7 Kxg7 13. f4 Nc5 14.
Qe3 Re8 15. Be2 Rb8 16. Bf3 Nxe4 17. Bxe4 Bf5 18. Rd2 d5 19. cxd5 cxd5 20. Nxd5
Rxe4 21. Qxe4 Bxe4 22. Nxf6 Kxf6 23. Re1 Rb4 24. b3 Bf5 25. g3 h5 26. Kb2 h4
27. Rc1 Rb7 28. Rc6+ Ke7 29. Kc3 Be4 30. Ra6 h3 31. Re2 f5 32. Rxg6 Kf7 33. Rh6
1-0

[Event "23rd Int. Tournament "]
[Site "?"]
[Date "2015.09.03"]
[Round "8.11"]
[White "Markantonaki, Haritomeni"]
[Black "Sideris, Theodoros"]
[Result "0-1"]
[WhiteElo "2228"]
[BlackElo "1992"]
[PlyCount "84"]
[EventDate "2015.08.27"]
[TimeControl "120+11"]
[WhiteClock "0:00:25"]
[BlackClock "0:00:22"]

1. e4 c5 2. Nf3 g6 3. Bc4 Nc6 4. c3 Bg7 5. d4 Qb6 6. d5 Na5 7. Bd3 Qc7 8. O-O
b6 9. Re1 d6 10. h3 Nf6 11. Bf4 O-O 12. e5 Nxd5 13. Bh2 dxe5 14. Nxe5 Qd8 15.
Be4 Bb7 16. Na3 f6 17. c4 Nb4 18. Nf3 Bxe4 19. Rxe4 e5 20. Qe2 Qd3 21. Qe1 Rfd8
22. Re3 Qd7 23. Qe2 Bh6 24. Rc3 Nac6 25. Bg3 a6 26. Bh4 Bg7 27. Re3 Nd4 28.
Nxd4 Qxd4 29. Re4 Qd2 30. Re1 Qxe2 31. R1xe2 Rd1+ 32. Re1 Rxe1+ 33. Rxe1 Rd8
34. Re2 Rd1+ 35. Kh2 Nc6 36. Nc2 Nd4 37. Ne3 Rd3 38. Re1 g5 39. Bg3 f5 40. Nxf5
Nxf5 41. Bxe5 Rd2 42. Kg1 Nd4 0-1

[Event "23rd Int. Tournament "]
[Site "?"]
[Date "2015.09.03"]
[Round "8.12"]
[White "Pountzas, Hrisanthos"]
[Black "Spyropoulos, Nikolaos"]
[Result "1/2-1/2"]
[WhiteElo "2128"]
[BlackElo "1993"]
[PlyCount "134"]
[EventDate "2015.08.27"]
[TimeControl "120+19"]
[WhiteClock "0:00:02"]
[BlackClock "0:00:34"]

1. c4 e5 2. g3 d6 3. Bg2 f5 4. Nc3 Nf6 5. Nf3 Be7 6. O-O O-O 7. d3 c6 8. Rb1 a5
9. a3 Nbd7 10. b4 Kh8 11. Ne1 Nb6 12. Qb3 axb4 13. axb4 Qc7 14. b5 Rb8 15. Be3
c5 16. Nc2 Be6 17. Bg5 Ng8 18. Bd2 Bf6 19. Ne3 Ne7 20. Ned5 Nexd5 21. Nxd5 Bxd5
22. Bxd5 Nxd5 23. cxd5 b6 24. Ra1 Ra8 25. Ra6 e4 26. dxe4 fxe4 27. Qa4 Qb7 28.
Rxa8 Qxa8 29. Qxe4 Re8 30. Qd3 Qa4 31. Rc1 Qe4 32. Bf4 Qxe2 33. Qxe2 Rxe2 34.
Kf1 Rb2 35. Re1 h6 36. Bxd6 Rxb5 37. Bc7 c4 38. d6 Rd5 39. Bxb6 Rxd6 40. Be3 c3
41. Ke2 Kh7 42. h4 Kg6 43. Rd1 Ra6 44. Rd5 Rc6 45. h5+ Kf7 46. Rc5 Rxc5 47.
Bxc5 Ke6 48. Kd3 Kf5 49. Bb4 Kg4 50. Ba5 Be5 51. Bb4 Kf3 52. Bc5 Bf6 53. Bb6
Kg4 54. Ba5 Be5 55. Bb4 Kxh5 56. f3 Bxg3 57. Bxc3 g5 58. Ke2 Kh4 59. Bf6 Kh3
60. Bg7 h5 61. Bf6 Bf4 62. Kf2 Kh2 63. Bd8 h4 64. Be7 h3 65. Bd8 Kh1 66. Be7 h2
67. Kf1 Bg3 1/2-1/2

[Event "23rd Int. Tournament "]
[Site "?"]
[Date "2015.09.03"]
[Round "8.13"]
[White "Sakaridis, Emmanouil"]
[Black "Delithanasis, Dimitrios"]
[Result "1/2-1/2"]
[WhiteElo "1939"]
[BlackElo "2105"]
[PlyCount "141"]
[EventDate "2015.08.27"]

1. d4 Nf6 2. c4 g6 3. Nc3 d5 4. Bg5 Bg7 5. Bxf6 Bxf6 6. cxd5 O-O 7. Nf3 c6 8.
dxc6 Nxc6 9. e3 Qa5 10. Be2 e5 11. dxe5 Nxe5 12. O-O Rd8 13. Nd4 Nc6 14. Nxc6
bxc6 15. Qc2 Rb8 16. Rfd1 Bf5 17. e4 Be6 18. g3 Bd4 19. Bf3 c5 20. Kg2 Rd6 21.
Be2 Rdb6 22. Rab1 Bxc3 23. bxc3 Rxb1 24. Rxb1 Rxb1 25. Qxb1 Qxc3 26. Qb8+ Kg7
27. Qxa7 Qc2 28. Bf3 Bxa2 29. Qe7 Be6 30. e5 h6 31. h4 c4 32. h5 Qf5 33. hxg6
Qxe5 34. Qd8 Kxg6 35. Qg8+ Qg7 36. Bh5+ Kf6 37. Qd8+ Ke5 38. Bf3 Qg5 39. Qh8+
Kd6 40. Qd4+ Ke7 41. Be4 Qa5 42. Qe3 Qe5 43. Kg1 f5 44. Qa3+ Qd6 45. Qa7+ Kf6
46. Bf3 Bf7 47. Qe3 Kg7 48. Qa7 Kg8 49. Qa8+ Kg7 50. Qa7 Kf6 51. Qe3 Kg6 52.
Qa7 Qe6 53. Qc7 Kf6 54. Qf4 Ke7 55. Qc7+ Kf8 56. Qb8+ Kg7 57. Qc7 Kg6 58. Kh2
Qf6 59. Bd1 c3 60. Bc2 Kg7 61. Qc5 f4 62. Kg2 fxg3 63. fxg3 Kg8 64. Qc8+ Kg7
65. Qc5 Kg8 66. Qc8+ Kg7 67. Qc5 Be6 68. Be4 Kg8 69. Bc2 Kg7 70. Be4 Bf7 71.
Bc2 1/2-1/2

[Event "23rd Int. Tournament "]
[Site "?"]
[Date "2015.09.03"]
[Round "8.14"]
[White "Sienczewski, Zbigniew"]
[Black "Zervos, Lazaros"]
[Result "1/2-1/2"]
[WhiteElo "2048"]
[BlackElo "1986"]
[PlyCount "44"]
[EventDate "2015.08.27"]

1. g3 g6 2. Bg2 Bg7 3. c4 c5 4. Nc3 Nc6 5. Nf3 d6 6. O-O Bf5 7. h3 Qc8 8. Kh2
Nd4 9. e4 Bd7 10. d3 e6 11. Nxd4 cxd4 12. Ne2 Ne7 13. Bd2 O-O 14. Rc1 a5 15. b3
Bc6 16. Qc2 f5 17. f4 Qd7 18. Ng1 b6 19. Rce1 Rac8 20. Qb1 Kh8 21. Nf3 fxe4 22.
dxe4 e5 1/2-1/2

[Event "23rd Int. Tournament "]
[Site "?"]
[Date "2015.09.03"]
[Round "8.15"]
[White "Ragios, Konstantinos"]
[Black "Trimitzios, Petros"]
[Result "1/2-1/2"]
[WhiteElo "1840"]
[BlackElo "2006"]
[PlyCount "110"]
[EventDate "2015.08.27"]

1. e4 c6 2. Nf3 d5 3. Nc3 Bg4 4. h3 Bh5 5. exd5 cxd5 6. g4 Bg6 7. Bb5+ Nc6 8.
Ne5 Rc8 9. d4 e6 10. h4 f6 11. Nxg6 hxg6 12. Qd3 Kf7 13. Bxc6 bxc6 14. Bd2 Bd6
15. O-O-O Ne7 16. Ne2 Qc7 17. Rh3 c5 18. dxc5 Qxc5 19. f4 Qc4 20. Qxc4 Rxc4 21.
Rdh1 a6 22. Kd1 Rh7 23. c3 Rc8 24. h5 gxh5 25. Rxh5 Rxh5 26. Rxh5 e5 27. g5 Kg6
28. Rh1 e4 29. gxf6 Kxf6 30. Ng3 Bc5 31. Ke2 Kg6 32. Rh5 Bb6 33. Rg5+ Kf7 34.
Nf5 Nxf5 35. Rxf5+ Ke6 36. Rg5 Bd8 37. Rxg7 Bf6 38. Rg6 Rb8 39. b3 Rc8 40. Rh6
Kf7 41. Rh3 a5 42. f5 Bg7 43. Rg3 Rh8 44. Rg2 Rh3 45. Rg6 Bxc3 46. Bxc3 Rxc3
47. Rd6 Rd3 48. f6 d4 49. a3 Kg6 50. b4 a4 51. b5 Rxa3 52. Rxd4 Kxf6 53. Rxe4
Ra2+ 54. Kd3 a3 55. Ra4 Rb2 1/2-1/2

[Event "23rd Int. Tournament "]
[Site "?"]
[Date "2015.09.03"]
[Round "8.16"]
[White "Sidiropoulos, Nikolaos"]
[Black "Alexakis, Georgios"]
[Result "1/2-1/2"]
[WhiteElo "2005"]
[BlackElo "1907"]
[PlyCount "29"]
[EventDate "2015.08.27"]

1. f4 d5 2. Nf3 Nf6 3. g3 g6 4. Bg2 Bg7 5. O-O O-O 6. d3 Nc6 7. c3 Re8 8. Ne5
Ng4 9. Nxc6 bxc6 10. h3 Nf6 11. e4 Bh6 12. e5 Nd7 13. Re1 f5 14. d4 e6 15. Qa4
1/2-1/2

[Event "23rd Int. Tournament "]
[Site "?"]
[Date "2015.09.03"]
[Round "8.17"]
[White "Grigoriadis, Mihail"]
[Black "Karakatsanis, Nikolaos"]
[Result "1-0"]
[WhiteElo "2099"]
[BlackElo "1919"]
[PlyCount "53"]
[EventDate "2015.08.27"]

1. e4 e5 2. Nf3 Nf6 3. d4 exd4 4. e5 Ne4 5. Qxd4 d5 6. exd6 Nxd6 7. Bd3 Nc6 8.
Qf4 Be7 9. Nc3 Be6 10. Be3 Qd7 11. O-O-O a6 12. Ng5 Bxg5 13. Qxg5 f6 14. Qh4
Qf7 15. Bc5 O-O-O 16. Qa4 Bc4 17. Bxd6 Bxd3 18. Rxd3 Rxd6 19. Rxd6 cxd6 20. Rd1
Rd8 21. Qf4 Qe6 22. Qg3 d5 23. Na4 Nb4 24. a3 Na2+ 25. Kb1 d4 26. Nc5 Qc4 27.
Nb3 1-0